000 00416nam a2200181Ia 4500
005 20240823055334.0
008 240823s9999||||xx |||||||||||||| ||und||
041 _aENGLISH
082 _A796.44 N5
100 _aThani Logesh
245 0 _aSkills and Tactics CYMNASTICS
250 _a1st
260 _c1995
_b"Sport Pub,Delhi"
500 _aYES
650 _aGeneral
_bGeneral
942 _cBK
999 _c228554
_d228554